Loading...
| Fine Arts - Auditory | 1 | 0.00 | 0% | 0% | 0% |
| Fine Arts - Other | 4 | 2.50 | 0% | 0% | 150% |
| Fine Arts - Visual | 1 | 10.00 | 0% | 0% | 500% |
| History - American | 1 | 0.00 | 0% | 0% | 0% |
| History - European | 2 | 5.00 | 0% | 300% | 0% |
| History - Other | 1 | 0.00 | 0% | 0% | 0% |
| History - World | 2 | 5.00 | 0% | 0% | 300% |
| Literature - American | 1 | 0.00 | 0% | 0% | 0% |
| Literature - British | 1 | 0.00 | 0% | 0% | 0% |
| Literature - European | 1 | 10.00 | 0% | 600% | 0% |
| Literature - World | 1 | 10.00 | 0% | 600% | 0% |
| Mythology | 1 | 10.00 | 0% | 0% | 600% |
| Philosophy | 1 | 10.00 | 0% | 0% | 600% |
| Religion | 1 | 10.00 | 0% | 600% | 0% |
| Science - Biology | 1 | 10.00 | 0% | 0% | 500% |
| Science - Other | 1 | 10.00 | 3,600% | 0% | 0% |